000
00320nam a2200121Ia 4500
008
230524s9999 xx 000 0 und d
100
_a
William Stallings
245
0
_a
Computer Networking with Internet Protocols and Technology
260
_b
Pearson
500
_a
Quantity Number: 2
650
_a
Comp-Sc
942
_c
BK
999
_c
50236
_d
50236